• 首页
  • 本馆介绍
  • 公告通知
  • 最新文献
  • 馆藏检索
  • 电子资源
  • 读者导购
  • 参考咨询
  • 我的图书馆
  • 登录
  • 详细信息显示
  • 放入我的书架
  • 预约/预借图书
  • 作者相关作品
  • 分类相关作品
  • 丛书相关作品
  • 出版社相关作品

书目信息

  • 表格格式
  • 工作单格式
  • 卡片格式
题名:
老杭州记忆
    
 
作者: 桑广书 编著
分册:  
出版信息: 北京   当代世界出版社  2017
页数: 10,250页
开本: 24cm
丛书名:
单 册:
中图分类: K295.51
科图分类:
主题词: 地方史--文化史--浙江--杭州
电子资源:
ISBN: 978-7-5090-1172-0
000 01035nam0 2200253 450
001 012001001665
005 20140921103355.0
010    @a978-7-5090-1172-0@dCNY39.80
100    @a20170427d2017 em y0chiy50 ea
101 0  @achi
102    @aCN@b110000
105    @aa z 000yy
106    @ar
200 1  @a老杭州记忆@9lao hang zhou ji yi@f桑广书编著
210    @a北京@c当代世界出版社@d2017
215    @a10,250页@c图,照片@d24cm
300    @a带着文化游名城
314    @a桑广书 (1963-),男,陕西省陇县人,旅游地理学硕士,自然地理学博士,浙江师范大学教授。浙江师范大学人文地理学硕士点、人文地理重点学科负责人等。出版《西部地标·黄土高原》、《中国行旅游指南》。
330    @a本书共分为七大章节,分别为历史上的杭州和城门楼、杭州的街桥和名人故居、杭州的山水园林、杭州的庙宇祠堂、杭州的民俗特色、杭州的美食特产、杭州的人文景观和民间趣闻。
606 0  @a地方史@x文化史@y浙江@y杭州
690    @aK295.51@v5
701  0 @a桑广书@9sang guang shu@f(1963-)@4编著
801  0 @aCN@b上海新华@c20180901
905    @b1156800-4@dK295.51@e381@f5
    
    老杭州记忆/桑广书编著.-北京:当代世界出版社,2017
    10,250页:图,照片;24cm
    带着文化游名城
    
    ISBN 978-7-5090-1172-0:CNY39.80
    本书共分为七大章节,分别为历史上的杭州和城门楼、杭州的街桥和名人故居、杭州的山水园林、杭州的庙宇祠堂、杭州的民俗特色、杭州的美食特产、杭州的人文景观和民间趣闻。
●
相关链接 在E读中查询图书 在五车中查询图书 在当当中查询图书 在豆瓣中查询图书


正题名:老杭州记忆     索取号:K295.51/381         预约/预借

序号 登录号 条形码 馆藏地/架位号 状态 备注
1 1156800   211568007   第二样本阅览室/ [索取号:K295.51/381] 在馆    
2 1156801   211568016   第二借阅区/ [索取号:K295.51/381] 在馆    
3 1156802   211568025   第二借阅区/ [索取号:K295.51/381] 在馆    
4 1156803   211568034   第二借阅区/ [索取号:K295.51/381] 在馆    
5 1156804   211568043   密集书库-史法系/ [索取号:K295.51/381] 在馆    
唐山师范学院图书馆 欢迎您!
大连网信软件有限公司© 版权所有